The poetical works of Edward Young /

Bibliographic Details
Main Author: Young, Edward, 1683-1765
Other Authors: Mitford, John, 1781-1859
Format: Book
Language:English
Published: London : G. Bell, 1906.
Series:Aldine edition of the British poets.

MARC

Tag First Indicator Second Indicator Subfields
LEADER 00000cam a2200000Ii 4500
001 in00000028693
005 20151007062810.0
008 760706s1906 enkc 000 0deng d
035 |a (OCoLC)ocm03684555 
035 |a (OCoLC)03684555 
035 |9 AAD5819AM 
040 |a SUC  |c SUC  |d OCLCQ  |d TXA  |d UtOrBLW 
049 |a TXAM 
090 |a PR3780  |b .A2 1906 
100 1 |a Young, Edward,  |d 1683-1765. 
245 1 4 |a The poetical works of Edward Young /  |c with a memoir by The Rev. John Mitford. 
264 1 |a London :  |b G. Bell,  |c 1906. 
300 |a 2 volumes :  |b portrait ;  |c 18 cm. 
336 |a text  |b txt  |2 rdacontent 
337 |a unmediated  |b n  |2 rdamedia 
338 |a volume  |b nc  |2 rdacarrier 
490 1 |a The Aldine edition of the British poets 
500 |a Life of Young, by J. Mitford: p. [ix]-lvii. 
500 |a Memoir by the Revised J. Mitford. 
700 1 |a Mitford, John,  |d 1781-1859. 
830 0 |a Aldine edition of the British poets. 
994 |a C0  |b TXA 
999 |a MARS 
999 f f |s f248dea4-8f98-315d-bf56-4830b2b8422c  |i faffb48d-e5ab-3af6-afa5-f1380b952b33  |t 0 
952 f f |p ric  |a Texas A&M University  |b Rellis Campus  |c Joint Library Facility  |s JLF  |d Remote Storage  |t 0  |e PR3780 .A2 1906  |h Library of Congress classification  |i unmediated -- volume  |k v.1  |m A14801289549 
952 f f |p ric  |a Texas A&M University  |b Rellis Campus  |c Joint Library Facility  |s JLF  |d Remote Storage  |t 0  |e PR3780 .A2 1906  |h Library of Congress classification  |i unmediated -- volume  |k v.2  |m A14801289531 
998 f f |a PR3780 .A2 1906  |s v.1-2  |t 0  |l Remote Storage